000 00356nam a22001457a 4500
008 210507b ||||| |||| 00| 0 eng d
020 _a9781843106784
041 _aeng
080 _a37
082 _a37
100 _a46
101 _aEDU
245 _aA Practical Guide to Using Counselling Skills in Palliative Care
_cLouis H. Moore
942 _2udc
_cBK
999 _c57102
_d57102